00385nam a2200133Ia 4500008004100000024001500041082001900056100002800075245004600103260002600149600002100175650003800196999001700234260210s9999 xx 000 0 und d a03B-003-BS a005.133072 SYE aSyed Asad Ullah Taimoor 0aStock Market Information Exchange via SMS aKarachi:bUITU,c2003 aComputer Science aBachelor of Computer Science (BS) c31942d31942